000 00598nam a2200265Ia 4500
005 20260306164123.0
008 008 260114s9999 xx 000 0 eng d
020 _a9781400845972
037 _aEBOOK
040 _aCRL
040 _beng
040 _cCRL
041 _2eng
041 _aeng
084 _qCRL
100 _aLowrie
245 2 _aA Short Life Of Kierkegaard
260 _bPrinceton University Press
260 _c2017
650 _aPhilosophy
856 _uhttps://academic.oup.com/book/13549
942 _cEBOOK
999 _c1712827
_d1712827